000 00526 a2200217 4500
005 20260205124010.0
008 260205b |||||||| |||| 00| 0 eng d
020 _a9789394645547
_cRs. 3995.00
040 _aMAIN
082 _a579.2
_bR246E(2)
100 _aReddy, S Ram
245 _aEssentials of virology
250 _a2nd
260 _bScientific Publishers
_c2025
_aJodhpur
300 _ax, 430
650 _aMicroorganisms
650 _aViruses
650 _aVirology
700 _aReddy, S M
942 _cBK
999 _c394970
_d394970